5HLuxD.jpg

KING HENRY VIII SENIOR AND PRIMARY SCHOOL LIBRARY OPAC

The Great Wall of China / (Record no. 1501)

000 -LEADER
fixed length control field 01482cam a2200361 i 4500
001 - CONTROL NUMBER
control field 18822957
003 - CONTROL NUMBER IDENTIFIER
control field OSt
005 - DATE AND TIME OF LATEST TRANSACTION
control field 20230103120933.0
008 - FIXED-LENGTH DATA ELEMENTS--GENERAL INFORMATION
fixed length control field 151019s2016 mnua j b 001 0 eng
010 ## - LIBRARY OF CONGRESS CONTROL NUMBER
LC control number 2015040834
020 ## - INTERNATIONAL STANDARD BOOK NUMBER
International Standard Book Number 9781491482018 (pbk. : alk. paper)
040 ## - CATALOGING SOURCE
Original cataloging agency DLC
Language of cataloging eng
Transcribing agency DLC
Description conventions rda
Modifying agency DLC
-- KH8
042 ## - AUTHENTICATION CODE
Authentication code pcc
043 ## - GEOGRAPHIC AREA CODE
Geographic area code a-cc---
082 00 - DEWEY DECIMAL CLASSIFICATION NUMBER
Classification number 931 STA
Edition number 23
100 1# - MAIN ENTRY--PERSONAL NAME
Personal name Stanborough, Rebecca,
Relator term author.
245 14 - TITLE STATEMENT
Title The Great Wall of China /
Statement of responsibility, etc. by Rebecca Stanborough.
264 #1 - PRODUCTION, PUBLICATION, DISTRIBUTION, MANUFACTURE, AND COPYRIGHT NOTICE
Place of production, publication, distribution, manufacture North Mankato, Minnesota :
Name of producer, publisher, distributor, manufacturer Capstone Press, a capstone imprint,
Date of production, publication, distribution, manufacture, or copyright notice [2016]
300 ## - PHYSICAL DESCRIPTION
Extent 32 pages :
Other physical details color illustrations ;
Dimensions 23 cm.
336 ## - CONTENT TYPE
Content type term text
Content type code txt
Source rdacontent
337 ## - MEDIA TYPE
Media type term unmediated
Media type code n
Source rdamedia
338 ## - CARRIER TYPE
Carrier type term volume
Carrier type code nc
Source rdacarrier
490 0# - SERIES STATEMENT
Series statement Fact finders. Engineering wonders
504 ## - BIBLIOGRAPHY, ETC. NOTE
Bibliography, etc. note Includes bibliographical references and index.
505 0# - FORMATTED CONTENTS NOTE
Formatted contents note The earth dragon -- Why build walls? -- A wall for unified China -- Sticks and stones -- Bricks and stones -- Fortifications -- The wall in modern times.
520 ## - SUMMARY, ETC.
Summary, etc. "Explains the history behind andthe process of building the Great Wall of China"--
Assigning source Provided by publisher.
521 1# - TARGET AUDIENCE NOTE
Target audience note 8-12.
521 2# - TARGET AUDIENCE NOTE
Target audience note Grade 4 to 6.
651 #0 - SUBJECT ADDED ENTRY--GEOGRAPHIC NAME
Geographic name Great Wall of China (China)
Form subdivision Juvenile literature.
906 ## - LOCAL DATA ELEMENT F, LDF (RLIN)
a 7
b cbc
c orignew
d 1
e ecip
f 20
g y-gencatlg
942 ## - ADDED ENTRY ELEMENTS (KOHA)
Source of classification or shelving scheme
Koha item type Books - Non Ficton
Holdings
Withdrawn status Lost status Source of classification or shelving scheme Damaged status Not for loan Collection code Permanent Location Current Location Shelving location Date acquired Total Checkouts Full call number Barcode Date last seen Date last checked out Price effective from Koha item type
          Non-Fiction KH8 Primary School Library KH8 Primary School Library Non Fiction 2023-01-03 2 931 STA KHPL000003281 2025-12-05 2023-03-08 2023-01-03 Books - Non Ficton

Powered By KH8 IT Dept